| 000 | 00907nam a2200265Ia 4500 | ||
|---|---|---|---|
| 003 | OSt | ||
| 005 | 20220928132615.0 | ||
| 006 | a|||||r|||| 00| 0 | ||
| 007 | ta | ||
| 008 | 220927b |||||||| |||| 00| 0 eng d | ||
| 020 | _cUSD 49.00 | ||
| 024 | _a135166 | ||
| 037 |
_b124, 01/03/2017, Classic Book Service _cTextual |
||
| 040 |
_aSDCL _cSDCL _beng |
||
| 041 |
_2eng _aeng |
||
| 082 | _aSigma:f:(D6,8(B)), Q6 | ||
| 100 |
_aPaarsch Harry J. _9482429 |
||
| 245 | 0 |
_aGentle introduction to effective computing in quantitative research _b What every research assistant should know |
|
| 260 |
_aCambridge _bThe MIT Press _c2016 |
||
| 300 |
_axxxvii,738p. _ccm. |
||
| 650 | _aI I C | ||
| 700 |
_a Golyaev Konstantin _9482430 |
||
| 942 |
_hSigma:f:(D6,8(B)), Q6 _cTEXL _2CC |
||
| 999 |
_c795139 _d795139 |
||